00000000nam 2200000za 4500
0019.661262
003CaOODSP
00520240207110924
007ta
008150407|1999||||xxc|||||     f|0| 0 fre d
020 |a0-662-64014-4
040 |aCaOODSP|bfre
041 |aeng
041 |afre
043 |an-cn---
0861 |aSE31-28/1998
24500|aAu service de la démocratie : |ble plan stratégique, 1999-2002.
260 |aOttawa : |bÉlections Canada, |c1999.
300 |a16 p. : |bill. ; |c28 cm.
546 |aBilingue
563 |aCouverture souple
590 |a99-33|b1999-08-20
69107|aÉlections|2gcpds
7102 |aÉlections Canada.
7760#|tAu service de la démocratie |w(CaOODSP)9.642075
7760#|tServing democracy |w(CaOODSP)9.698079
791 |tServing democracy : |eeng|w(CaOODSP)9.661261